Lisandro Alonso (Record no. 173724)

MARC details
000 -LEADER
campo de control de longitud fija 00569nam a22001695i 4500
001 - NÚMERO DE CONTROL
campo de control 173724
003 - IDENTIFICADOR DE NÚMERO DE CONTROL
campo de control ES-MaACL
005 - FECHA Y HORA DE LA ÚLTIMA TRANSACCIÓN
campo de control 20230906215326.0
008 - DATOS DE LONGITUD FIJA--INFORMACIÓN GENERAL
campo de control de longitud fija 100113s2009 sp |||| | spa d
080 ## - NÚMERO DE LA CLASIFICACIÓN DECIMAL UNIVERSAL
Número de la Clasificación Decimal Universal 791.44 Alonso, Lisandro
100 1# - ENTRADA PRINCIPAL--NOMBRE DE PERSONA
Nombre de persona Rodríguez, Luis Miguel.
9 (RLIN) 141922
245 10 - MENCIÓN DEL TÍTULO
Título Lisandro Alonso
Resto del título : entre el cine y la filosofía /
Mención de responsabilidad, etc. Luis Miguel Rodríguez.
260 ## - PUBLICACIÓN, DISTRIBUCIÓN, ETC.
Lugar de publicación, distribución, etc. Madrid :
Nombre del editor, distribuidor, etc. Asociación de Amigos del Cine Experimental de Madrid,
Fecha de publicación, distribución, etc. [2009]
300 ## - DESCRIPCIÓN FÍSICA
Extensión 142 p. :
Otras características físicas il. ;
Dimensiones 21 cm.
600 14 - PUNTO DE ACCESO ADICIONAL DE MATERIA--NOMBRE DE PERSONA
Nombre de persona Alonso, Lisandro.
9 (RLIN) 141923
852 ## - LOCALIZACIÓN
Ubicación ES-MaACL
Número de control de estantería L-8721
Holdings
Estatus retirado Estado de pérdida Estado de daño No para préstamo Biblioteca de origen Biblioteca actual Ubicación en estantería Fecha de adquisición Fuente de adquisición Total de préstamos Signatura topográfica completa Código de barras Visto por última vez Precio de reemplazo Tipo de ítem Koha
        Biblioteca del Ateneo de Madrid Biblioteca del Ateneo de Madrid Depósito 2 13/01/2010     L-8721 1182353 23/02/2023 23/02/2023 Libro impreso